000 00635nam a22002057a 4500
003 dpl
005 20180802145424.0
008 180802b xxu||||| |||| 00| 0 eng d
010 _aB-163305
020 _a0195667875
035 _aB-163305
037 _bBPPD/PUB
040 _c0
082 _a338.9
100 _aMookherjee, Dilip
245 _aThe crisis in government accountability :
_cby M. Thomas
_bEssays on governance reforms and india economic performance /
260 _aNew Delhi
_bOxford university press
_c2004
300 _a157p.
_c21 cm (Hb)
942 _adpl
_cEN
_k338.9 / MUK
_2ddc
_h338.9
_mMUK
999 _c155313
_d155313